000 00609cam a2200217 4500
001 B2442
008 090401t1985 xxu||||| |||| 00| 0 eng d
035 _a(Sirsi) u50036
041 _aeng
050 _a693.54
110 _aInstitution of Structural Engineers
_9441
245 _aManual for the design of reinforced concrete building structures
260 _aLondon
_bInstitution of Structural Engineers
_c1985
300 _a88p. : ill. ; 21cm.
350 _a10
650 _aCONCRETE
650 _aSTRUCTURES
710 _aInstitution of Civil Engineers
_91402
942 _n0
948 _c04/03/1997
999 _c92648
_d92648